| 000 | 00886nam a22002417a 4500 | ||
|---|---|---|---|
| 999 |
_c2082 _d2082 |
||
| 003 | AR-CdUCM | ||
| 008 | 190301b ||||| |||| 00| 0 spa d | ||
| 040 |
_aMUNICIPALIDAD PROVINCIAL DEL CUSCO _cBIBLIOTECA MUNICIPAL DEL CUSCO |
||
| 082 |
_a379.02 / _bD32 |
||
| 100 |
_aDawson, Christopher _97531 |
||
| 245 | _aLa crisis de la educación occidental / | ||
| 260 |
_aArgentina : _bEdit. Emecé, _c1963. |
||
| 300 |
_a254 paginas ; _c22 cm. |
||
| 505 | _aHistoria de la educación liberal de accidente --La situación de la educación cristiana en el mundo moderno --El hombre occidental en el orden tecnológico / | ||
| 650 |
_aEducacion _9460 |
||
| 650 |
_aCultura occidental _97532 |
||
| 650 |
_aCultura cristiana _97533 |
||
| 650 |
_aHistoria _9136 |
||
| 650 |
_aEdad medieval _97534 |
||
| 650 |
_aÉpoca contemporánea _97535 |
||
| 942 |
_2ddc _cLIBROS |
||
| 945 |
_arjall _d2019-03-01 |
||